Click the Movement + Origin Country - Statistics

General Stats
  • This quiz has been taken 25 times
  • The average score is 7 of 20
Answer Stats
Hint Answer % Correct
Occupy Wall Street USA
85%
Cultural China
70%
Sandinista Nicaragua
60%
Velvet Czechoslovakia
55%
Yellow Vest France
55%
Cedar Lebanon
55%
Solidarity Poland
45%
Glorious England
35%
Meiji Restoration Japan
35%
Indignados Spain
30%
Orange Ukraine
30%
Aragalaya Srilanka
20%
Saffron Myanmar
15%
Hirak Algeria
10%
Tulip Kyrgyzstan
10%
People Power Philippines
10%
Carnation Portugal
10%
Jasmine Tunisia
10%
Rose Georgia
5%
Green Iran
5%
No matching quizzes found
Score Distribution
Percent of People with Each Score
Percentile by Number Answered
Your Score History
You have not taken this quiz